| 000 | 01657nas a2200469 i 4500 | ||
|---|---|---|---|
| 001 | 196102 | ||
| 003 | ES-MaACL | ||
| 005 | 20240826141800.0 | ||
| 006 | m g d | | ||
| 007 | cr*||||||||||| | ||
| 008 | 240812c20189999sp mr pso 0 b0cat | ||
| 010 |
_an _b0 |
||
| 022 | 0 |
_a2604-708X _2_u |
|
| 035 | _a(OCoLC)1201056376 | ||
| 035 | _a(SpMaBN)a6444016 | ||
| 035 | _a991019658249708606 | ||
| 040 |
_aSpMaBN _bspa _cSpMaBN _erdc _dES-MaACL |
||
| 080 | _a325.8(460.23) | ||
| 080 | _a32(460.23)"20" | ||
| 130 | 0 |
_aPolítica & prosa (Internet) _9238255 |
|
| 210 | 0 |
_aPolit. prosa _bInternet |
|
| 222 | 0 |
_aPolítica & prosa _bInternet |
|
| 245 | 1 | 0 | _aPolítica & prosa |
| 246 | 3 | _aPolítica i prosa | |
| 246 | 3 | _aPolítica&prosa | |
| 260 |
_aBarcelona : _bPolítica & Prosa, _c2018- |
||
| 310 | _aMensual | ||
| 336 |
_aTexto (visual) _2isbdcontent |
||
| 337 |
_aelectrónico _2isbdmedia |
||
| 338 |
_2rdacarrier _avolumen |
||
| 362 | 0 | _aNúm 0 (jul.-ag. 2018)- | |
| 594 | _aTítulo tomado de la página principal de búsqueda (consultada el 12 de agosto de 2024) | ||
| 650 | 0 |
_aMovimientos independentistas- _zCataluña _2embne _9176488 |
|
| 651 | 0 |
_aCataluña _xPolítica y gobierno _yS.XXI _2embne _9238254 |
|
| 655 | 0 |
_aPáginas Web _2tgfbne _9226719 |
|
| 655 | 0 |
_aRevistas electrónicas _9226718 |
|
| 776 | 0 | 8 |
_iVersión impresa _tPolítica & prosa = _xISSN 2604-6113 _0196101 _w196101 |
| 856 | 4 | 0 |
_uhttps://www.politicaprosa.com/la-revista/ _yAcceso electrónico |
| 942 |
_2udc _n0 _cREV_E |
||
| 955 | _bInmaculada Vicente García | ||
| 999 |
_c196102 _d196102 |
||